Caricamento...

Murder most foul

Dettagli Bibliografici
Autore principale: David Bevington
Natura: Printed Book
Pubblicazione: Oxford OUP 2014
Soggetti:
LEADER 00505nam a22001457a 4500
020 |a 9780198701026 
082 |a 822.33 BEV/M 
100 |a David Bevington 
245 |a Murder most foul 
260 |a Oxford  |b OUP  |c 2014 
300 |a 236 
650 |a Literature - English Drama - History and Criticism, Hamlet - Criticism, Shakespeare - Criticism 
942 |c BK 
999 |c 136251  |d 136247 
952 |0 0  |1 0  |4 0  |6 822_330000000000000_BEV_M  |7 0  |9 135086  |a SCP  |b SCP  |d 2016-08-25  |l 0  |o 822.33 BEV/M  |p SCP07037  |r 2016-08-25  |w 2016-08-25  |y BK